000
00304nam a2200121Ia 4500
008
190216s9999||||xx |||||||||||||| ||und||
100
_a
Srinath L S
245
0
_a
Pert And Cpm Principles And Applications
260
_b
Himalaya Publishing House
_c
1975
300
_a
202p
650
_a
Commerce
942
_c
BK
999
_c
5723
_d
5723